| 000 | 00582nam a2200205 a 4500 | ||
|---|---|---|---|
| 005 | 20240920064553.0 | ||
| 008 | 010611s2000 r 000 0 eng d | ||
| 020 | _a847197648X | ||
| 035 | _aUPN01000107971 | ||
| 049 | _aCG | ||
| 050 | 4 |
_aLB880 _bP6.3 |
|
| 245 | 0 | 0 | _aPedagogías del siglo XX. |
| 260 |
_aBarcelona, Esp. : _bCisspraxis, _c2000. |
||
| 300 |
_a159 p. : _bil. |
||
| 500 | _a"Cuadernos de pedagogía - especial 25 años" | ||
| 650 | 4 | _aEDUCADORES | |
| 650 | 4 |
_aEducación _xHistoria _96182 |
|
| 740 | _aCuadernos de pedagogía : especial 25 años | ||
| 905 | _aLibro | ||
| 999 |
_c81883 _d81883 |
||